Normal view MARC view

Entry Personal Name

Number of records used in: 1

001 - CONTROL NUMBER

  • control field: 51950

003 - CONTROL NUMBER IDENTIFIER

  • control field: MY-SjTCS

005 - DATE AND TIME OF LATEST TRANSACTION

  • control field: 20191205134403.0

008 - FIXED-LENGTH DATA ELEMENTS

  • fixed length control field: 110516nn a|a||abb| a a|a d

039 #9 -

  • : 201105161550
  • : shuhada
  • : 201105161547
  • : shuhada

040 ## - CATALOGING SOURCE

  • Original cataloging agency: VRT
  • Transcribing agency: VRT

100 1# - HEADING--PERSONAL NAME

  • Personal name: Nichols, Dudley,
  • Dates associated with a name: 1895-1960.

670 ## - SOURCE DATA FOUND

  • Source citation: Bringing up Baby, c2005.:
  • Information found: t.p. (RKO Radio Pictures, Inc. presents ; Howard Hawks' production of ; screen play by Dudley Nichols & Hagar Wilde ; directed by Howard Hawks.)

999 ## -

  • : VIRTUA4 x